000 00735cam a2200205 a 4500
001 000004743
005 20200929151508.0
008 780607s1985 cl 000 f spa
040 _aDO-SdBNP
_bspa
_cBNPHU
041 1 7 _aspa
_hfre
100 1 _aHugo, Victor,
_d1802-1885.
_913790
245 1 4 _aLos miserables /
_cVictor Hugo, traducción, Aurora Alemany.
260 _aSantiago, Chile :
_bErcilia,
_c1985.
300 _a2 t. p. ;
_c19 cm.
440 0 _at. 1. Los Mejores Libros de la Literatura Universal ;
_vno. 31
_913791
440 0 _at. 2. Los Mejores Libros de la Literatura Universal ;
_vno. 32
_913792
534 _aTítulo orignal: Les Misérables.
600 1 0 _aPenalosa, Javier.
_913793
700 1 _aAlemany, Aurora,
_etr.
_913794
999 _c4549
_d4549